Every Song by La Dispute - Statistics

General Stats
  • This quiz has been taken 9 times
  • The average score is 20 of 78
Answer Stats
Album Song % Correct
Tiny Dots(2016) A
71%
Tiny Dots(2016) B
71%
Tiny Dots(2016) C
71%
Tiny Dots(2016) D
71%
Tiny Dots(2016) E
71%
Tiny Dots(2016) G
71%
Wildlife(2011) King Park
71%
Somewhere at the Bottom of the River Between Vega and Altair(2008) Andria
57%
Somewhere at the Bottom of the River Between Vega and Altair(2008) Such Small Hands
57%
Somewhere at the Bottom of the River Between Vega and Altair(2008) Said the King to the River
43%
Wildlife(2011) The Most Beautiful Bitter Fruit
43%
Rooms of the House(2014) Woman (in mirror)
43%
Rooms of the House(2014) Woman (reading)
43%
Rooms of the House(2014) 35
29%
Wildlife(2011) a Broken Jar
29%
Wildlife(2011) a Letter
29%
Panorama(2019) ANXIETY PANORAMA
29%
Wildlife(2011) a Poem
29%
Somewhere at the Bottom of the River Between Vega and Altair(2008) Bury Your Flame
29%
Somewhere at the Bottom of the River Between Vega and Altair(2008) Damaged Goods
29%
Wildlife(2011) Edward Benz, 27 Times
29%
Here, Hear II.(2008) Eight
29%
Here, Hear III.(2009) Eleven
29%
Rooms of the House(2014) First Reactions After Falling Through the Ice
29%
Here, Hear II.(2008) Five
29%
Panorama(2019) FOOTSTEPS AT THE POND
29%
Here, Hear.(2008) Four
29%
Searching for a Pulse/The Worth of the World(2010) How I Feel
29%
Rooms of the House(2014) Hudsonville, MI 1956
29%
Somewhere at the Bottom of the River Between Vega and Altair(2008) New Storms for Older Lovers
29%
Here, Hear III.(2009) Nine
29%
Somewhere at the Bottom of the River Between Vega and Altair(2008) Nobody, Not Even the Rain
29%
Rooms of the House(2014) Objects in Space
29%
Here, Hear.(2008) One
29%
Here, Hear II.(2008) Seven
29%
Here, Hear II.(2008) Six
29%
Never Come Undone(2011) Sunday Morning, at a Funeral
29%
Here, Hear III.(2009) Ten
29%
Rooms of the House(2014) The Child We Lost 1963
29%
Here, Hear.(2008) Three
29%
Here, Hear III.(2009) Twelve
29%
Here, Hear.(2008) Two
29%
Searching for a Pulse/The Worth of the World(2010) Why It Scares Me
29%
Wildlife(2011) You and I in Unison
29%
Panorama(2019) YOU ASCENDANT
29%
Wildlife(2011) a Departure
14%
Wildlife(2011) all our bruised bodies and the whole heart shrinks
14%
Wildlife(2011) Edit Your Hometown
14%
Rooms of the House(2014) Extraordinary Dinner Party
14%
Somewhere at the Bottom of the River Between Vega and Altair(2008) Fall Down, Never Get Back Up Again
14%
Rooms of the House(2014) For Mayor in Splitsville
14%
Panorama(2019) FULTON STREET I
14%
Panorama(2019) FULTON STREET II
14%
Wildlife(2011) Harder Harmonies
14%
Wildlife(2011) I See Everything
14%
Never Come Undone(2011) Last Blues
14%
Somewhere at the Bottom of the River Between Vega and Altair(2008) Last Blues for Bloody Knuckles
14%
Panorama(2019) ROSE QUARTZ
14%
Somewhere at the Bottom of the River Between Vega and Altair(2008) Sad Prayers for Guilty Bodies
14%
Wildlife(2011) Safer in the Forest/Love Song for Poor Michigan
14%
Rooms of the House(2014) Scenes from Highways 1981-2009
14%
Rooms of the House(2014) Stay Happy There
14%
Wildlife(2011) St. Paul Missionary Baptist Church Blues
14%
Somewhere at the Bottom of the River Between Vega and Altair(2008) The Last Lost Continent
14%
Somewhere at the Bottom of the River Between Vega and Altair(2008) Then Again, Maybe You Were Right
14%
Vancouver(2006) The Surgeon and the Scientist
14%
Vancouver(2006) Untitled
14%
Vancouver(2006) A Word of Welcome and Warning
0%
Vancouver(2006) Fairmount
0%
Vancouver(2006) Future Wars
0%
Vancouver(2006) He Is Here, He Is Not Afraid
0%
Panorama(2019) IN NORTHERN MICHIGAN
0%
Panorama(2019) RHONODITE AND GRIEF
0%
Vancouver(2006) See You in Vancouver
0%
Somewhere at the Bottom of the River Between Vega and Altair(2008) The Castle Builders
0%
Panorama(2019) THERE YOU ARE (HIDING PLACE)
0%
Vancouver(2006) To Withstand the Force of Storms
0%
Panorama(2019) VIEW FROM OUR BEDROOM WINDOW
0%
No matching quizzes found
Score Distribution
Percent of People with Each Score
Percentile by Number Answered
Your Score History
You have not taken this quiz